000 00510nam a2200181Ia 4500
001 4048
005 20260306145727.0
008 260306t2014||||xx |||||||||||||| ||spa||
041 _aESP
082 _a306.85
_bH12 N° 1 2014
100 _aCorominas, Fernando,
_eAUT
245 0 _aEducar hoy :
_bbases educativas eficaces y metodologías de éxito para los padres de la sociedad actual
260 _c2014
300 _a189 páginas :
_c19 cm.
650 _aGEN
654 _aCED
942 _cLIB
_dJUS
_fJUS
_2ddc
_n
999 _c4048
_d4048